Near-infrared applications in biotechnology / (Record no. 562259)

000 -LEADER
fixed length control field 00511nam a2200145Ia 4500
008 - FIXED-LENGTH DATA ELEMENTS--GENERAL INFORMATION
fixed length control field 210430s9999 xx 000 0 und d
020 ## - INTERNATIONAL STANDARD BOOK NUMBER
International Standard Book Number 0-8247-0009-0
082 ## - DEWEY DECIMAL CLASSIFICATION NUMBER
Classification number 660.6 N338 N
100 ## - MAIN ENTRY--PERSONAL NAME
Personal name Raghavachari, Ramesh.
9 (RLIN) 52801
245 ## - TITLE STATEMENT
Title Near-infrared applications in biotechnology /
Statement of responsibility, etc. Raghavachari, Ramesh.
Remainder of title (practical spectroscopy series V-25)
260 ## - PUBLICATION, DISTRIBUTION, ETC.
Place of publication, distribution, etc. [S.l.] :
Name of publisher, distributor, etc. CRC Press,
Date of publication, distribution, etc. 2001
300 ## - PHYSICAL DESCRIPTION
Extent 382 p. ;
856 ## - ELECTRONIC LOCATION AND ACCESS
Uniform Resource Identifier <a href="http://www.amazon.com/exec/obidos/ASIN/0824700090/chopaconline-20">http://www.amazon.com/exec/obidos/ASIN/0824700090/chopaconline-20</a>
942 ## - ADDED ENTRY ELEMENTS (KOHA)
Source of classification or shelving scheme
Koha item type Book
Holdings
Withdrawn status Lost status Damaged status Not for loan Collection code Permanent Location Current Location Shelving location Date acquired Total Checkouts Full call number Barcode Date last seen Price effective from
          School of Chemical & Materials Engineering (SCME) School of Chemical & Materials Engineering (SCME) General Stacks     660.6 N338 N SCME-1121 04/30/2021 04/30/2021
© 2023 Central Library, National University of Sciences and Technology. All Rights Reserved.